Estudios : filosofía, historia, letras : 12, primavera 1988 /

Contiene: 1. La cultura como obra de arte total; 2. Roland Barthes: los incidentes del deseo; 3. Educación para la democracia: El Ateneo Mexicano (1840-1851); 4. Una humanidad mortal; 5. José Gaos y el fundamento filosófico de la historia de las ideas; 6. Un poeta virreinal peruano: Fray Francisco d...

Descripció completa

Guardat en:
Dades bibliogràfiques
Format: Llibre
Idioma:espanyol
Publicat: México : Instituto Tecnológico Autónomo de México, Departamento Académico de Estudios Generales, 1988, c1988
Matèries:
Etiquetes: Afegir etiqueta
Sense etiquetes, Sigues el primer a etiquetar aquest registre!

MARC

LEADER 00000nam^a2200000^a^4500
001 000303716
005 20250521000000.0
009 20260310112655.6
022 |a 0185-6383 
037 |a Acervo ITESO - Biblioteca 
041 |a ESP 
082 |a 105.  |b EST V. 12 
240 1 1 |a [Estudios: filosofía, historia, letras] 
245 0 0 |a Estudios :  |b filosofía, historia, letras : 12, primavera 1988 /  |c Dir. de J. Meza. 
264 4 |a México :  |b Instituto Tecnológico Autónomo de México, Departamento Académico de Estudios Generales,  |c 1988, c1988 
300 |a 141 p. 
336 |a texto  |b txt  |2 rdacontenido 
337 |a sin mediación  |b n  |2 rdamedio 
338 |a volumen  |b nc  |2 rdasoporte 
520 |a Contiene: 1. La cultura como obra de arte total; 2. Roland Barthes: los incidentes del deseo; 3. Educación para la democracia: El Ateneo Mexicano (1840-1851); 4. Una humanidad mortal; 5. José Gaos y el fundamento filosófico de la historia de las ideas; 6. Un poeta virreinal peruano: Fray Francisco del Castillo, "El ciego de la Merced"; 7. La significación política de la radio y la televisión. 
649 |a XX 
650 |a Lingüistas y Semiólogos Franceses 
650 |a Educación Pública -  |z México -  |y Centralismo, 1855-1846 
650 |a Educación Pública -  |z México -  |y Federalismo, 1846-1853 
650 |a Literatura Policíaca y de Misterio -  |x Historia y Crítica 
650 |a Poesía Peruana -  |x Historia y Crítica 
650 |a Literatura Peruana -  |y Siglo XVIII 
650 |a Literatura Peruana -  |y Epoca Colonial, 1542-1824 
650 |a Literatura Peruana -  |x Historia y Crítica 
650 |a Libros -  |x Reseñas 
650 |a Publicaciones Periódicas Mexicanas -  |x Historia y Crítica 
650 |a Identidad Nacional -  |z México 
650 |a Cultura -  |x Filosofía 
650 |a Nacionalismo en el Arte -  |z México 
650 |a Arte Moderno (Vanguardias) -  |z México 
650 |a Arte Mexicano -  |x Historia y Crítica 
650 |a Arte -  |x Historia y Crítica 
650 |a Radio -  |x Aspectos Políticos 
650 |a Televisión -  |x Aspectos Políticos 
650 |a Comunicación y Política 
650 |a Desastres 
650 |a Historiografía 
650 |a Historia -  |x Filosofía 
650 |a Tiempo (Concepto) -  |x Filosofía 
650 |a Modernidad y Posmodernidad 
650 |a Filosofía Española -  |x Historia y Crítica 
650 |a Literatura -  |x Publicaciones Periódicas Mexicanas -  |x Tema Principal 
650 |a Historia -  |x Publicaciones Periódicas Mexicanas -  |x Tema Principal 
650 |a Filosofía -  |x Publicaciones Periódicas Mexicanas -  |x Tema Principal 
650 |a Publicaciones Periódicas Mexicanas 
650 |a Barthes, Roland 
650 |a Gaos, José 
650 |a Castillo, Francisco del, Fray 
910 |a Fondo General 
920 |a Impresos - Libros 
930 |a Colección General 
905 |a 101 
901 |a 0222640100  |b IT1  |c ACC  |u 20250521 
902 |a https://opac.biblio.iteso.mx/vufind/Record/000303716